| 000 | 01047nam1a22002171i 4500 | ||
|---|---|---|---|
| 001 | rc\2874455 | ||
| 005 | 20240726073256.0 | ||
| 035 | _a(NLR Aleph) 007204355 | ||
| 090 |
_a7648705 _c7648705 |
||
| 100 | _a20110715d1932 |||y0rusy50 ca | ||
| 101 | 0 | _arus | |
| 102 | _aRU | ||
| 105 | _ay z ||||| | ||
| 200 | 1 |
_aИнструкции для корреспондентской сети _hКн. № 1- _fВсесоюз. гос. объединение по борьбе вредителей. "ОБВ". Упр. службы учета состояния и движения вредителей. Средне-азиатск. филиал |
|
| 210 |
_aТашкент _cБ. и. _d1932 |
||
| 215 | _d22 см | ||
| 710 | 0 | 2 |
_aВсесоюзное объединение по борьбе с вредителями сельского и лесного хозяйства _bУправление службы учета _bСредне-Азиатский филиал |
| 801 | 0 |
_aRU _bNLR _gpsbo |
|
| 801 | 1 |
_aRU _bELAR _2rusmarc |
|
| 852 |
_aNLR _j33-18/395 |
||
| 942 | _cBOOK | ||